| 000 | 01836nam a22002537a 4500 | ||
|---|---|---|---|
| 999 |
_c62183 _d62183 |
||
| 003 | Ge_BSU | ||
| 005 | 20240729173117.0 | ||
| 008 | 240729s2024 ge ||||| |||| 00| 0 geo d | ||
| 020 | _a9789941509285 | ||
| 041 | _ageo | ||
| 080 | _a001(479.22) მ-89 | ||
| 245 |
_aმოწოდებით სწავლული: _bპროფესორ დავით გოცირიძის ცხოვრება-მოღვაწეობა / _cრედაქტორი და წიგნის იდეის ავტორი თემურ ჯაგოდნიშვილი |
||
| 264 |
_aთბილისი : _bსაარი, _c2024. |
||
| 300 |
_a303 გვ.: _bილ; _c26 სმ. |
||
| 653 | _aმოწოდებით სწავლული | ||
| 653 | _aკრებულში წარმოდგენილია ცნობილი ქართველი მეცნიერისა და პედაგოგის პროფესორ დავით გოცირიძის ცხოვრება-მოღვაეობის ამსახველი ნარკვევი. | ||
| 653 | _aმეცნიერება და ცოდნა | ||
| 700 |
_aჯაგოდნიშვილი,თემურ _eრედაქტორი _9841 |
||
| 711 |
_aსაქართველოს ტექნიკური უნივერსიტეტი _922883 |
||
| 711 |
_aქართული ფილოლოგიისა და მედიატექნოლოგიების დეპარტამენტი _922994 |
||
| 711 |
_aქართველოლოგიის სასწავლო-სამეცნიერო ცენტრი _922995 |
||
| 773 | _tნაჩუქარი | ||
| 942 |
_2udc _cᲬᲘᲒᲜᲘ |
||